[Event "San Francisco Capps Memorial"]
[Site "San Francisco"]
[Date "2005.11.05"]
[Round "4"]
[White "Woebcke, Carl"]
[Black "Kitano, Hugo"]
[Result "1/2-1/2"]
[WhiteElo "1718"]
[BlackElo "1545"]
[PlyCount "22"]
[EventDate "2005.11.05"]
[EventType "swiss"]
[EventRounds "6"]
[EventCountry "USA"]
[SourceTitle "EXT 2007"]
[Source "ChessBase"]
[SourceDate "2006.11.23"]
[SourceVersion "1"]
[SourceVersionDate "2006.11.23"]
[SourceQuality "1"]

1. e4 c5 2. Nf3 Nc6 3. d4 cxd4 4. Nxd4 g6 5. Be3 Nf6 6. Nc3 Bg7 7. Nxc6 bxc6 8. e5 Ng8 9. f4 f6 10. e6 d5 11. f5 Bb7 1/2-1/2